000 00580nam a2200193Ia 4500
005 20250923144615.0
008 008 250917s9999 xx 000 0 eng d
037 _aTextual
040 _aDSWL
_beng
_cDSWL
041 _aeng
_2eng
084 _aX:9B.3.N46, H9
_qDSWL
245 0 _aHealth welfare, and safety in non Industrial employment
_cby Her Majesty's Stationary Office
260 _aLondon
_bHer Majesty's Stationery Office
_c1956
300 _a115p.
365 _aINR
_b4
925 _g4
942 _cTEXL
_hX:9B.3.N46, H9
999 _c1441087
_d1441087